<?xml version="1.0" encoding="UTF-8"?>
<collection xmlns="http://www.loc.gov/MARC21/slim">
  <record>
    <leader>00000nam  2200000   4500</leader>
    <controlfield tag="001">INLIS000000000810221</controlfield>
    <controlfield tag="005">20251116013730</controlfield>
    <datafield tag="035" ind1="#" ind2="#">
      <subfield code="a">0010-1125000075</subfield>
    </datafield>
    <datafield tag="245" ind1="#" ind2="#">
      <subfield code="a">Mereka adalah para :</subfield>
      <subfield code="b">Shahabiyat ( Kisah Kisah wanita menakjubkan yang belum pernah tertandingi hingga hari ini ) /</subfield>
      <subfield code="c">Mahmud mahdi Al Istanbul Musthafa abu an nashr asy syalabi</subfield>
    </datafield>
    <datafield tag="250" ind1="#" ind2="#">
      <subfield code="a">Cet. XV</subfield>
    </datafield>
    <datafield tag="300" ind1="#" ind2="#">
      <subfield code="a">367 hlm ;</subfield>
      <subfield code="c">24 cm</subfield>
    </datafield>
    <datafield tag="260" ind1="#" ind2="#">
      <subfield code="a">Solo :</subfield>
      <subfield code="b">At Tibyan,</subfield>
      <subfield code="c">2011</subfield>
    </datafield>
    <controlfield tag="008">251116###########################0######</controlfield>
    <datafield tag="020" ind1="#" ind2="#">
      <subfield code="a">9789791189736</subfield>
    </datafield>
    <datafield tag="082" ind1="#" ind2="#">
      <subfield code="a">297.092</subfield>
    </datafield>
    <datafield tag="084" ind1="#" ind2="#">
      <subfield code="a">297.092 MAH</subfield>
    </datafield>
    <datafield tag="990" ind1="#" ind2="#">
      <subfield code="a">00000004734</subfield>
    </datafield>
  </record>
</collection>
